[Event "Groupe Commerce"]
[Site "Thetford Mines CAN"]
[Date "1994.07.01"]
[Round "1"]
[White "Lacroix, Serge"]
[Black "Barbeau, Sylvain"]
[Result "0-1"]
[WhiteElo "1932"]
[BlackElo "2431"]
[PlyCount "67"]
[EventDate "1994.07.01"]
[EventType "swiss"]
[EventRounds "5"]
[EventCountry "CAN"]

1. e4 c5 2. Nf3 Nc6 3. d4 cxd4 4. Nxd4 Nf6 5. Nc3 d6 6. Bg5 Bd7 7. Qd2 Rc8 8.
Be2 Nxd4 9. Qxd4 Qa5 10. Bd2 a6 11. Nd5 Qc5 12. Qxc5 Rxc5 13. Nxf6+ gxf6 14.
O-O-O Rg8 15. Rhg1 f5 16. Be3 Ra5 17. exf5 Bxf5 18. Bf3 Bg7 19. a3 Kd7 20. c3
e6 21. g4 Bg6 22. h4 h6 23. Be2 Rc8 24. Bd4 Be5 25. Be3 Bg7 26. Bd4 Bxd4 27.
Rxd4 Re5 28. Bd3 Bxd3 29. Rxd3 Rc4 30. Rgd1 d5 31. f3 Rf4 32. h5 Kc6 33. Kd2
Rg5 34. Re3 0-1

[Event "Quebec-ch qual. 2"]
[Site "Montreal CAN"]
[Date "1994.05.01"]
[Round "5"]
[White "Gravel, Simon M"]
[Black "Lacroix, Serge"]
[Result "1/2-1/2"]
[WhiteElo "2265"]
[BlackElo "2015"]
[PlyCount "109"]
[EventDate "1994.04.29"]
[EventType "swiss"]
[EventRounds "5"]
[EventCountry "CAN"]

1. e4 c5 2. Nf3 e6 3. d4 cxd4 4. Nxd4 a6 5. g3 d5 6. Bg2 dxe4 7. O-O e5 8. Nb3
Qxd1 9. Rxd1 Bg4 10. Re1 Nf6 11. N1d2 Bf5 12. Nxe4 Nxe4 13. Bxe4 Bxe4 14. Rxe4
Nc6 15. Bf4 f6 16. g4 Rd8 17. Be3 g5 18. Bb6 Rd7 19. h3 h5 20. Kg2 hxg4 21.
hxg4 Nb4 22. Rc4 Nd5 23. Rc8+ Kf7 24. Be3 Bg7 25. Rxh8 Bxh8 26. Kf3 Bg7 27. Rh1
Nb4 28. Nc5 Rc7 29. c3 Nd5 30. Ne4 Nxe3 31. Kxe3 Rc6 32. Ng3 Rb6 33. b3 Bf8 34.
Rh7+ Ke6 35. f3 Rc6 36. Kd3 Rd6+ 37. Kc2 Rd7 38. Rh8 Rf7 39. Ne4 b6 40. Rh1 Rd7
41. b4 Be7 42. a4 Rc7 43. Kb3 Rd7 44. Kc2 Rc7 45. Rh6 Kf7 46. Ng3 Ke6 47. Ne4
Kf7 48. Rh8 Bf8 49. Nxf6 Bg7 50. Ne8 Rxc3+ 51. Kxc3 Bxh8 52. Nd6+ Ke6 53. Ne4
Bf6 54. Kc4 Bd8 55. Nc3 1/2-1/2

[Event "Quebec-ch qual. 1"]
[Site "Montreal CAN"]
[Date "1994.04.10"]
[Round "5"]
[White "Lacroix, Serge"]
[Black "Nunez, Omar"]
[Result "0-1"]
[WhiteElo "1995"]
[BlackElo "2024"]
[PlyCount "50"]
[EventDate "1994.04.08"]
[EventType "swiss"]
[EventRounds "5"]
[EventCountry "CAN"]

1. e4 c5 2. Nf3 d6 3. d4 cxd4 4. Nxd4 Nf6 5. Nc3 e6 6. Bg5 Be7 7. f4 a6 8. Qf3
Qc7 9. O-O-O Nc6 10. g4 Nxd4 11. Rxd4 b5 12. Bg2 Bb7 13. Rhd1 Rc8 14. Bxf6 gxf6
15. f5 e5 16. R4d2 b4 17. Nd5 Bxd5 18. exd5 Bf8 19. Re2 Qc4 20. Kb1 Rg8 21. h3
Bh6 22. Bf1 Qc5 23. Qb3 Ke7 24. c3 a5 25. cxb4 Qc1+ 0-1

[Event "Laval XI"]
[Site "Laval CAN"]
[Date "1994.03.25"]
[Round "1"]
[White "Koliada, Timour"]
[Black "Lacroix, Serge"]
[Result "1/2-1/2"]
[WhiteElo "2376"]
[BlackElo "1953"]
[PlyCount "63"]
[EventDate "1994.03.25"]
[EventType "swiss"]
[EventRounds "5"]
[EventCountry "CAN"]

1. d4 Nf6 2. c4 g6 3. Nc3 d5 4. cxd5 Nxd5 5. e4 Nxc3 6. bxc3 Bg7 7. Nf3 c5 8.
Rb1 O-O 9. Be2 Nc6 10. d5 Ne5 11. Nxe5 Bxe5 12. Qd2 e6 13. f4 Bg7 14. c4 e5 15.
Bb2 exf4 16. Qxf4 Qa5+ 17. Kf2 Bxb2 18. Rxb2 Qc3 19. Rb3 Qd4+ 20. Qe3 Qe5 21.
Qxc5 Qxe4 22. Qe3 Qf5+ 23. Bf3 b6 24. Rc1 Bd7 25. c5 Rfe8 26. Qd4 bxc5 27. Rxc5
Rac8 28. Rbc3 Rxc5 29. Rxc5 Qb1 30. Qd2 Qb6 31. Qd4 Qb1 32. Qc3 1/2-1/2

[Event "Laval XI"]
[Site "Laval CAN"]
[Date "1994.03.26"]
[Round "2"]
[White "Barbeau, Sylvain"]
[Black "Lacroix, Serge"]
[Result "1-0"]
[WhiteElo "2386"]
[BlackElo "1953"]
[PlyCount "69"]
[EventDate "1994.03.25"]
[EventType "swiss"]
[EventRounds "5"]
[EventCountry "CAN"]

1. e4 c5 2. Nc3 e6 3. g3 d5 4. d3 Nc6 5. Bg2 Nf6 6. exd5 exd5 7. Nge2 Bg4 8. h3
Bxe2 9. Nxe2 Be7 10. O-O O-O 11. c3 Qd7 12. g4 d4 13. c4 a6 14. Nf4 h6 15. Nd5
Nxd5 16. Bxd5 Bd6 17. f4 Ne7 18. Bg2 f5 19. g5 Rab8 20. Bd2 b5 21. b3 bxc4 22.
dxc4 Rbe8 23. h4 g6 24. Qf3 hxg5 25. hxg5 Kg7 26. Rae1 Nc8 27. Qb7 Qc7 28.
Qxc7+ Bxc7 29. Bc6 Re7 30. Kg2 Rh8 31. Bb7 Rxe1 32. Rxe1 Kf7 33. Bd5+ Kg7 34.
Re6 Rh4 35. Rc6 1-0

[Event "Laval XI"]
[Site "Laval CAN"]
[Date "1994.03.27"]
[Round "5"]
[White "Leriche, Felix"]
[Black "Lacroix, Serge"]
[Result "1-0"]
[WhiteElo "2080"]
[BlackElo "1953"]
[Annotator "Incomplete"]
[PlyCount "55"]
[EventDate "1994.03.25"]
[EventType "swiss"]
[EventRounds "5"]
[EventCountry "CAN"]

1. e4 c5 2. Nf3 e6 3. d4 cxd4 4. Nxd4 a6 5. c4 Nf6 6. Nc3 Bb4 7. Bd3 Nc6 8.
Nxc6 dxc6 9. O-O e5 10. Qc2 O-O 11. Kh1 Ng4 12. f3 Nxh2 13. Kxh2 Qh4+ 14. Kg1
Bc5+ 15. Rf2 Rd8 16. Nd1 Bxf2+ 17. Nxf2 Rd6 18. Be3 Rg6 19. Bf1 Qg3 20. Qe2 Be6
21. b3 h5 22. Rd1 f5 23. exf5 Bxf5 24. Bc5 h4 25. Nh1 Qg5 26. Qe3 Qxe3+ 27.
Bxe3 Rf8 28. Nf2 {etc.} 1-0

[Event "Mauricie op"]
[Site "Trois-Rivieres CAN"]
[Date "1994.03.18"]
[Round "3"]
[White "Lacroix, Serge"]
[Black "Hua, Lefong"]
[Result "0-1"]
[WhiteElo "1988"]
[BlackElo "1845"]
[Annotator "Incomplete"]
[PlyCount "61"]
[EventDate "1994.03.17"]
[EventType "swiss"]
[EventRounds "5"]
[EventCountry "CAN"]

1. e4 c5 2. Nf3 d6 3. d4 cxd4 4. Nxd4 Nf6 5. Nc3 g6 6. f3 Bg7 7. Be3 Nc6 8. Bc4
O-O 9. Qd2 Bd7 10. Bb3 Rc8 11. O-O-O Ne5 12. h4 Nc4 13. Bxc4 Rxc4 14. g4 Qc7
15. h5 Rc8 16. hxg6 fxg6 17. Kb1 b5 18. g5 Nh5 19. Nd5 Qd8 20. Rc1 e6 21. Nc3
Qa5 22. Nb3 Qa6 23. Bd4 e5 24. Be3 Rxc3 25. bxc3 Be6 26. Kb2 Bf8 27. Rcg1 Bf7
28. Qh2 d5 29. exd5 Qa3+ 30. Kb1 Bg7 31. Qh3 {etc.} 0-1

[Event "Super-Revanche"]
[Site "Montreal CAN"]
[Date "1994.03.03"]
[Round "1"]
[White "Morin, Louis"]
[Black "Lacroix, Serge"]
[Result "0-1"]
[WhiteElo "2008"]
[BlackElo "1988"]
[PlyCount "74"]
[EventDate "1994.03.03"]
[EventType "tourn"]
[EventRounds "7"]
[EventCountry "CAN"]

1. d4 Nf6 2. c4 g6 3. Nc3 d5 4. Bg5 Ne4 5. Bh4 Nxc3 6. bxc3 dxc4 7. e3 Be6 8.
Rb1 Bd5 9. Qc2 f5 10. f3 Qd7 11. Bg3 Bh6 12. e4 Bc6 13. Bxc4 Ba4 14. Bb3 Bxb3
15. Qxb3 b6 16. Ne2 Nc6 17. Qc4 fxe4 18. fxe4 Rf8 19. Rf1 Rxf1+ 20. Kxf1 O-O-O
21. Qa6+ Kb8 22. d5 Rf8+ 23. Kg1 Nd8 24. Nd4 Be3+ 25. Kh1 Bxd4 26. cxd4 Nb7 27.
Rc1 Nd6 28. Qe2 Qa4 29. Bxd6 exd6 30. Qd2 Qa3 31. Kg1 Qa4 32. Qc3 Qd7 33. h3
Qf7 34. Kh1 Qe7 35. Qe3 g5 36. e5 h5 37. e6 g4 0-1

[Event "Super-Revanche"]
[Site "Montreal CAN"]
[Date "1994.03.10"]
[Round "2"]
[White "Lacroix, Serge"]
[Black "Tisseur, Daniel"]
[Result "1-0"]
[WhiteElo "1988"]
[BlackElo "1784"]
[PlyCount "165"]
[EventDate "1994.03.03"]
[EventType "tourn"]
[EventRounds "7"]
[EventCountry "CAN"]

1. e4 c5 2. Nf3 Nc6 3. d4 cxd4 4. Nxd4 g6 5. Be3 Bg7 6. Nc3 Nf6 7. Nxc6 bxc6 8.
Bc4 O-O 9. f3 Qa5 10. Bb3 d5 11. e5 Nd7 12. f4 e6 13. Qd2 f6 14. exf6 Bxf6 15.
O-O Bg7 16. Bd4 Bxd4+ 17. Qxd4 Qb6 18. Rad1 c5 19. Qe3 c4 20. Qxb6 axb6 21. Ba4
Nc5 22. Bc6 Bb7 23. Bxb7 Nxb7 24. a3 Nc5 25. Nb5 Rf6 26. g3 Na4 27. b3 cxb3 28.
cxb3 Nc5 29. b4 Ne4 30. Rc1 Nd2 31. Rf2 Nc4 32. Ra2 Ra4 33. Rca1 Rf8 34. Nc3
Ra7 35. a4 d4 36. Nb5 Rd7 37. a5 bxa5 38. bxa5 d3 39. Kf2 e5 40. a6 e4 41. a7
e3+ 42. Kf3 Ra8 43. Ra4 d2 44. Rxc4 d1=Q+ 45. Rxd1 Rxd1 46. Kxe3 Re8+ 47. Kf3
Ra1 48. Rc7 Ra5 49. Rb7 Rf8 50. Ke4 Ra4+ 51. Kd3 Rf5 52. Nc7 Rf8 53. Kc3 Ra1
54. Kb2 Ra4 55. Kb3 Ra1 56. Kc4 Ra4+ 57. Kd5 Rf5+ 58. Ke6 Rf8 59. Nd5 Ra6+ 60.
Nb6 Ra5 61. Nd7 Ra6+ 62. Ke7 Rf7+ 63. Kd8 Rd6 64. Kc8 Ra6 65. Rc7 Rf5 66. Kb8
Rfa5 67. Rb7 Ra2 68. Nb6 Re2 69. Nc8 Rc2 70. Ne7+ Kf7 71. Nd5+ Kf8 72. Nb4 Rxa7
73. Nxc2 Ra2 74. Rc7 h6 75. h4 Rb2+ 76. Kc8 Rb3 77. g4 Rh3 78. Nd4 Rxh4 79.
Ne6+ Ke8 80. g5 hxg5 81. fxg5 Re4 82. Rc6 Ke7 83. Nc7 1-0

[Event "Super-Revanche"]
[Site "Montreal CAN"]
[Date "1994.03.17"]
[Round "3"]
[White "Desforges, Jean"]
[Black "Lacroix, Serge"]
[Result "1-0"]
[WhiteElo "1972"]
[BlackElo "1988"]
[PlyCount "171"]
[EventDate "1994.03.03"]
[EventType "tourn"]
[EventRounds "7"]
[EventCountry "CAN"]

1. Nc3 d5 2. d4 Bf5 3. e3 Nf6 4. Bd3 Bg6 5. Nf3 e6 6. Bxg6 hxg6 7. Qd3 c6 8.
Bd2 Nbd7 9. e4 Bb4 10. e5 Bxc3 11. Bxc3 Ne4 12. Nd2 Nxc3 13. Qxc3 c5 14. dxc5
Qg5 15. Nf3 Qxg2 16. Rg1 Qh3 17. Rg3 Qf5 18. O-O-O Rh5 19. c6 bxc6 20. Qxc6 Rb8
21. Kb1 Kd8 22. Nd4 Qxe5 23. Re3 Qf6 24. Qa4 Ke8 25. Qxa7 Rxh2 26. Rf3 Qe5 27.
b3 Qh5 28. Re1 Rh1 29. Rxh1 Qxh1+ 30. Kb2 Qd1 31. Rxf7 Kxf7 32. Qxd7+ Kf6 33.
Qxe6+ Kg5 34. Qe5+ Kh6 35. Qh2+ Kg5 36. Ne6+ Kf6 37. Qxb8 Kxe6 38. Qb6+ Kf5 39.
a3 Qf3 40. Qa7 Kf6 41. Qb6+ Kf7 42. Qc7+ Kg8 43. Qc8+ Kh7 44. Qc5 Qf6+ 45. Ka2
d4 46. f3 Qf5 47. a4 d3 48. Qxf5 gxf5 49. cxd3 g5 50. a5 g4 51. fxg4 fxg4 52.
a6 g3 53. a7 g2 54. a8=Q g1=Q 55. Qe4+ Kh6 56. b4 Qa7+ 57. Kb3 Qa1 58. b5 Qb1+
59. Kc4 Qc2+ 60. Kd5 Qa2+ 61. Kc5 Qa5 62. d4 Qa3+ 63. Kb6 Kh5 64. Qe5+ Kh4 65.
d5 Qa8 66. Qe7+ Kh3 67. d6 Qb8+ 68. Ka5 Qa8+ 69. Kb4 Qd5 70. Qh7+ Kg3 71. Qg7+
Kh4 72. Qc7 Qd2+ 73. Kc5 Qe3+ 74. Kc6 Qe4+ 75. Kb6 Qe3+ 76. Kb7 Qe4+ 77. Qc6
Qh7+ 78. d7 Qe7 79. Kc8 Qe5 80. d8=Q+ Kh3 81. Qh1+ Kg4 82. Qg8+ Kf5 83. Qf3+
Qf4 84. Qgg4+ Ke5 85. Qgxf4+ Ke6 86. Q3e4# 1-0

[Event "Super-Revanche"]
[Site "Montreal CAN"]
[Date "1994.03.24"]
[Round "4"]
[White "Finta, Robert"]
[Black "Lacroix, Serge"]
[Result "0-1"]
[WhiteElo "2122"]
[BlackElo "1988"]
[PlyCount "84"]
[EventDate "1994.03.03"]
[EventType "tourn"]
[EventRounds "7"]
[EventCountry "CAN"]

1. e4 c5 2. Nf3 e6 3. d4 cxd4 4. Nxd4 a6 5. Bd3 Bc5 6. Nb3 Ba7 7. O-O d6 8. Qg4
Kf8 9. Qg3 Nc6 10. N1d2 d5 11. exd5 Qxd5 12. Be4 Qe5 13. Qxe5 Nxe5 14. Na5 Rb8
15. Ndc4 Nxc4 16. Nxc4 Nf6 17. Bf3 Nd5 18. Nd6 Ke7 19. c4 Kxd6 20. cxd5 e5 21.
Bd2 Bd7 22. Bc3 f6 23. Rac1 Rbc8 24. Rfd1 Bc5 25. h4 h5 26. Re1 Bf5 27. b4 Ba7
28. a4 Bd7 29. a5 Rc7 30. Bb2 Rxc1 31. Rxc1 g6 32. b5 Bxb5 33. Ba3+ Kd7 34. g4
hxg4 35. Bxg4+ f5 36. Bd1 Rxh4 37. d6 Rc4 38. Rb1 Rf4 39. Rb2 Bd4 40. Rc2 Bc6
41. Bc1 Rh4 42. Kf1 Rh1+ 0-1

[Event "Super-Revanche"]
[Site "Montreal CAN"]
[Date "1994.03.31"]
[Round "5"]
[White "Lacroix, Serge"]
[Black "Manuri, Louise"]
[Result "1-0"]
[WhiteElo "1988"]
[BlackElo "1420"]
[PlyCount "115"]
[EventDate "1994.03.03"]
[EventType "tourn"]
[EventRounds "7"]
[EventCountry "CAN"]

1. e4 e5 2. Nf3 Nc6 3. Bb5 Nf6 4. O-O Nxe4 5. d4 Nd6 6. Bxc6 dxc6 7. dxe5 Nf5
8. Qxd8+ Kxd8 9. Bg5+ Ke8 10. Nc3 Be6 11. Rad1 h6 12. Bc1 Bc5 13. Ne4 Bb6 14.
b3 Bd5 15. Rfe1 Rd8 16. c4 Bxe4 17. Rxd8+ Kxd8 18. Rxe4 c5 19. Bb2 Ke7 20. g4
Nd4 21. Nxd4 cxd4 22. Ba3+ c5 23. Rxd4 Ke6 24. Rd5 Bc7 25. f4 b6 26. Kg2 g6 27.
Bb2 f5 28. gxf5+ gxf5 29. Rd3 h5 30. Bc3 Rg8+ 31. Rg3 Rd8 32. Rg6+ Kf7 33. Rf6+
Ke7 34. Rxf5 Rd3 35. Be1 Re3 36. Bh4+ Ke6 37. Rf6+ Kd7 38. Rf7+ Kc6 39. Kf2 Re4
40. Kf3 Rd4 41. Rg7 Bxe5 42. fxe5 Rxh4 43. Rg2 Kd7 44. Rg7+ Ke6 45. Kg3 Re4 46.
Rxa7 Rg4+ 47. Kh3 Kxe5 48. Ra6 Rg6 49. Kh4 Rg2 50. h3 Rh2 51. a4 Kd4 52. Rxb6
Kc3 53. a5 Ra2 54. a6 Ra3 55. Kxh5 Ra2 56. h4 Ra1 57. Kg5 Rg1+ 58. Kf5 1-0

[Event "Super-Revanche"]
[Site "Montreal CAN"]
[Date "1994.04.21"]
[Round "7"]
[White "Lacroix, Serge"]
[Black "Montmarquette, Yves"]
[Result "1-0"]
[WhiteElo "1953"]
[BlackElo "1464"]
[PlyCount "79"]
[EventDate "1994.03.03"]
[EventType "tourn"]
[EventRounds "7"]
[EventCountry "CAN"]

1. e4 c5 2. Nf3 Nc6 3. d4 cxd4 4. Nxd4 g6 5. Nc3 Bg7 6. Be3 Nf6 7. Bc4 O-O 8.
f3 d6 9. Qd2 Bd7 10. O-O-O Rc8 11. Bb3 Na5 12. h4 h5 13. Bg5 Nxb3+ 14. Nxb3 b5
15. Bxf6 Bxf6 16. Nd5 Be5 17. Qa5 Re8 18. Kb1 Qxa5 19. Nxa5 Bc6 20. Nb3 Bd7 21.
Nb4 f5 22. Nd3 Red8 23. Nxe5 dxe5 24. Rd5 fxe4 25. fxe4 Be6 26. Rxb5 Bxb3 27.
axb3 Rd2 28. c4 Rf8 29. Ka2 Rff2 30. g3 Rxb2+ 31. Ka3 Rbd2 32. Rxe5 Kf7 33. Rd5
Ra2+ 34. Kb4 e6 35. Rd3 a5+ 36. Kb5 Ke7 37. c5 Ra3 38. Rhd1 Rf8 39. Rd7+ Kf6
40. Rf1+ 1-0

[Event "Carnaval"]
[Site "Quebec CAN"]
[Date "1994.02.04"]
[Round "1"]
[White "Berube, Richard"]
[Black "Lacroix, Serge"]
[Result "1-0"]
[WhiteElo "2247"]
[BlackElo "1932"]
[PlyCount "59"]
[EventDate "1994.02.04"]
[EventType "swiss"]
[EventRounds "5"]
[EventCountry "CAN"]

1. e4 c5 2. Nf3 e6 3. d4 cxd4 4. Nxd4 a6 5. Nc3 Qc7 6. Bd3 Nc6 7. Be3 Nf6 8.
O-O d6 9. a4 Be7 10. Nb3 b6 11. f4 Bb7 12. Kh1 O-O 13. Qf3 Rfd8 14. Qh3 Nb4 15.
a5 bxa5 16. Nxa5 d5 17. e5 Ne4 18. Bxe4 dxe4 19. f5 exf5 20. Nxb7 Qxb7 21. Qxf5
Nxc2 22. Qxf7+ Kh8 23. Bg5 Nxa1 24. Bxe7 Re8 25. Nd5 Nc2 26. Rf5 Ne3 27. Rg5
Rxe7 28. Nxe7 Nf5 29. Rxf5 Qb8 30. Rh5 1-0

[Event "Carnaval"]
[Site "Quebec CAN"]
[Date "1994.02.06"]
[Round "5"]
[White "Finta, Robert"]
[Black "Lacroix, Serge"]
[Result "0-1"]
[WhiteElo "2141"]
[BlackElo "1932"]
[PlyCount "122"]
[EventDate "1994.02.04"]
[EventType "swiss"]
[EventRounds "5"]
[EventCountry "CAN"]

1. e4 c5 2. c3 d5 3. exd5 Qxd5 4. d4 cxd4 5. cxd4 e5 6. Nc3 Qxd4 7. Qxd4 exd4
8. Nb5 Na6 9. Nxd4 Nf6 10. Bb5+ Bd7 11. Bxd7+ Nxd7 12. Ngf3 Bb4+ 13. Ke2 O-O
14. Rd1 Rfe8+ 15. Kf1 Ne5 16. Nxe5 Rxe5 17. Nf3 Re7 18. Be3 Bc5 19. Bf4 Rae8
20. Rac1 Re2 21. Rd2 Rxd2 22. Nxd2 h6 23. a3 g5 24. Nb3 Bb6 25. Bd6 Re6 26.
Rc8+ Kg7 27. Bf8+ Kg6 28. Nd2 Bd4 29. b4 b5 30. a4 Bg7 31. Bxg7 Kxg7 32. axb5
Nxb4 33. Rc4 Nd3 34. Re4 Rb6 35. Re7 Rxb5 36. Rxa7 Rb2 37. Ne4 Rb1+ 38. Ke2
Nf4+ 39. Kf3 Rb3+ 40. Kg4 Nxg2 41. Nd6 Kg6 42. f3 f6 43. Ne8 Ne3+ 44. Kg3 Nf5+
45. Kg2 Nh4+ 46. Kf1 Rxf3+ 47. Ke2 g4 48. Rg7+ Kf5 49. Nxf6 Kxf6 50. Rxg4 Rh3
51. Kf2 h5 52. Ra4 Kg5 53. Ra5+ Nf5 54. Kg2 Rh4 55. Rb5 Rd4 56. Rb2 Ne3+ 57.
Kf3 Ng4 58. Kg2 Kh4 59. Ra2 Rd3 60. Rb2 Ne3+ 61. Kg1 Kh3 0-1

[Event "Le Taureau"]
[Site "Charlesbourg CAN"]
[Date "1994.05.14"]
[Round "2"]
[White "Tremblay, Sylvain"]
[Black "Lacroix, Serge"]
[Result "1-0"]
[WhiteElo "2090"]
[BlackElo "2004"]
[PlyCount "117"]
[EventDate "1994.??.??"]
[EventCountry "CAN"]

1. e4 c5 2. Nf3 e6 3. d4 cxd4 4. Nxd4 a6 5. Bd3 Bc5 6. Nb3 Ba7 7. Nc3 d6 8. Qe2
Qc7 9. Be3 Bxe3 10. Qxe3 Nf6 11. O-O-O Nc6 12. f4 O-O 13. g4 b5 14. g5 Nd7 15.
f5 Nde5 16. f6 Nb4 17. Kb1 Bb7 18. Rc1 Rac8 19. fxg7 Kxg7 20. a3 Nbc6 21. Ne2
Ng6 22. h4 Nce5 23. h5 Ne7 24. Qf4 f5 25. gxf6+ Rxf6 26. Qg3+ Kh8 27. Rhf1 Rg8
28. Qh4 Rff8 29. Nbd4 Bc8 30. Rxf8 Rxf8 31. Nf4 Nf3 32. Nxf3 e5 33. Ng6+ Nxg6
34. hxg6 Rxf3 35. Rh1 Be6 36. gxh7 Rf4 37. Qg5 Qf7 38. Qd8+ Qf8 39. Qb6 Bc8 40.
c4 Rf3 41. Be2 Rf2 42. Qe3 bxc4 43. Bxc4 Qf3 44. Qxf3 Rxf3 45. Rh6 Re3 46. Rxd6
Kxh7 47. Rd8 Bg4 48. Re8 Bf3 49. Rxe5 Bxe4+ 50. Rxe4 Rf3 51. Bxa6 Kg6 52. a4
Rf6 53. Bd3 Kf5 54. a5 Kg5 55. a6 Rf3 56. a7 Rf8 57. Ra4 Ra8 58. Be4 Re8 59.
a8=Q 1-0

[Event "Pere Noel"]
[Site "Montreal CAN"]
[Date "1993.12.26"]
[Round "1"]
[White "Lacroix, Serge"]
[Black "Kopec, Danny"]
[Result "0-1"]
[WhiteElo "1929"]
[BlackElo "2383"]
[PlyCount "74"]
[EventDate "1993.12.26"]
[EventType "swiss"]
[EventRounds "5"]
[EventCountry "CAN"]

1. e4 c5 2. Nf3 Nc6 3. d4 cxd4 4. Nxd4 e5 5. Nb5 a6 6. Nd6+ Bxd6 7. Qxd6 Qf6 8.
Qxf6 Nxf6 9. Nc3 d5 10. Nxd5 Nxd5 11. exd5 Nb4 12. Bd3 Nxd3+ 13. cxd3 Bf5 14.
f4 O-O-O 15. fxe5 Bxd3 16. Bf4 Rxd5 17. Rc1+ Kd7 18. Kf2 Rd8 19. Rhd1 Ke6 20.
Rc7 Be4 21. Rdc1 Rb5 22. b3 h6 23. h4 Ra5 24. a4 Bc6 25. Rc3 Rd4 26. g3 Rad5
27. Ke2 Re4+ 28. Kf3 Re1 29. R3xc6+ bxc6 30. Rxc6+ Ke7 31. Rxa6 Rd3+ 32. Kg4
Rb1 33. Ra7+ Rd7 34. Ra8 Rxb3 35. Rg8 Rb6 36. Rxg7 Kf8 37. Rh7 f5+ 0-1

[Event "Pere Noel"]
[Site "Montreal CAN"]
[Date "1993.12.30"]
[Round "5"]
[White "Lacroix, Serge"]
[Black "Reeve, Jeff"]
[Result "0-1"]
[WhiteElo "1929"]
[BlackElo "2293"]
[PlyCount "67"]
[EventDate "1993.12.26"]
[EventType "swiss"]
[EventRounds "5"]
[EventCountry "CAN"]

1. e4 c5 2. Nf3 d6 3. d4 cxd4 4. Nxd4 Nf6 5. Nc3 g6 6. Be3 Bg7 7. f3 O-O 8. Bc4
Nc6 9. Qd2 Bd7 10. O-O-O Rc8 11. Bb3 Ne5 12. h4 Nc4 13. Bxc4 Rxc4 14. Nb3 Qc7
15. h5 Rc8 16. hxg6 fxg6 17. Kb1 b5 18. Bd4 b4 19. Bxf6 bxc3 20. Qd5+ e6 21.
Qxd6 Qxd6 22. Rxd6 Bxf6 23. Rxd7 cxb2 24. Rdxh7 Bg7 25. R7h2 Rxc2 26. f4 R2c4
27. Re1 a5 28. Rhh1 a4 29. Nd2 Rc2 30. Rd1 Bf8 31. e5 Ba3 32. Ne4 Rc1+ 33. Rxc1
Rxc1+ 34. Rxc1 0-1

[Event "Bouche-trou"]
[Site "Montreal CAN"]
[Date "1993.12.18"]
[Round "1"]
[White "Desforges, Jean"]
[Black "Lacroix, Serge"]
[Result "1/2-1/2"]
[WhiteElo "2047"]
[BlackElo "1936"]
[PlyCount "64"]
[EventDate "1993.12.18"]
[EventType "swiss"]
[EventRounds "5"]
[EventCountry "CAN"]

1. e4 c5 2. Nf3 e6 3. d4 cxd4 4. Nxd4 a6 5. Be2 Qc7 6. O-O b5 7. c4 bxc4 8. Qa4
Bb7 9. Nc3 Nf6 10. Bf3 e5 11. Nf5 Qc6 12. Qxc6 Nxc6 13. Rd1 g6 14. Bg5 gxf5 15.
Bxf6 Rg8 16. Nd5 Bd6 17. Nb6 Nd4 18. Rxd4 exd4 19. Nxa8 Bxa8 20. Bxd4 fxe4 21.
Be2 e3 22. f3 Bf4 23. Rc1 Rg6 24. Rxc4 Bc6 25. Rc3 Re6 26. g3 Be5 27. Bxe5 Rxe5
28. Kf1 Bb7 29. f4 Re6 30. Bc4 d5 31. Bb3 d4 32. Bxe6 dxc3 1/2-1/2

[Event "Bouche-trou"]
[Site "Montreal CAN"]
[Date "1993.12.20"]
[Round "5"]
[White "Lacroix, Serge"]
[Black "Morin, Louis"]
[Result "1/2-1/2"]
[WhiteElo "1936"]
[BlackElo "1835"]
[PlyCount "23"]
[EventDate "1993.12.18"]
[EventType "swiss"]
[EventRounds "5"]
[EventCountry "CAN"]

1. e4 e5 2. Nf3 d6 3. d4 Nf6 4. dxe5 Nxe4 5. Qd5 Nc5 6. Bg5 Qd7 7. exd6 Bxd6 8.
Nc3 O-O 9. O-O-O Nc6 10. Nb5 Qg4 11. h3 Qa4 12. Nc3 1/2-1/2

[Event "Premiere Neige"]
[Site "Montreal CAN"]
[Date "1993.11.27"]
[Round "1"]
[White "Koliada, Timour"]
[Black "Lacroix, Serge"]
[Result "1-0"]
[WhiteElo "2404"]
[BlackElo "1964"]
[PlyCount "91"]
[EventDate "1993.11.27"]
[EventType "swiss"]
[EventRounds "4"]
[EventCountry "CAN"]

1. d4 Nf6 2. c4 g6 3. Nc3 d5 4. cxd5 Nxd5 5. e4 Nxc3 6. bxc3 Bg7 7. Nf3 O-O 8.
Rb1 c5 9. Be2 Nc6 10. d5 Bxc3+ 11. Bd2 Bxd2+ 12. Qxd2 Nd4 13. Nxd4 cxd4 14.
Qxd4 Qa5+ 15. Qd2 Qxd2+ 16. Kxd2 e6 17. d6 Bd7 18. Rxb7 Bc6 19. Rb4 Rad8 20. e5
Bxg2 21. Rc1 f6 22. f4 fxe5 23. fxe5 Bd5 24. Bc4 Bxc4 25. Rbxc4 Rd7 26. Rc7
Rdf7 27. Rxf7 Kxf7 28. Rc7+ Kg8 29. Re7 Rb8 30. Rxe6 Rb5 31. Ke3 Rc5 32. Re7
Kf8 33. Kd4 Rc2 34. Rxh7 Rxa2 35. Rh8+ Kg7 36. d7 Kxh8 37. d8=Q+ Kh7 38. Qe7+
Kh6 39. Qf8+ Kg5 40. Qf6+ Kh5 41. Qf3+ Kh4 42. e6 Rxh2 43. e7 g5 44. e8=Q g4
45. Qh8+ Kg5 46. Qff6# 1-0

[Event "St-Jean op"]
[Site "St-Jean CAN"]
[Date "1993.11.06"]
[Round "3"]
[White "Lacroix, Serge"]
[Black "Beauchamp, Jean-Pierre"]
[Result "0-1"]
[WhiteElo "1972"]
[BlackElo "2051"]
[PlyCount "58"]
[EventDate "1993.11.05"]
[EventType "swiss"]
[EventRounds "4"]
[EventCountry "CAN"]

1. e4 c5 2. Nf3 Nc6 3. d4 cxd4 4. Nxd4 Nf6 5. Nc3 d6 6. Bg5 e6 7. f4 Qc7 8. Qd2
a6 9. O-O-O Be7 10. Bxf6 gxf6 11. Be2 Bd7 12. Rhf1 O-O-O 13. Nxc6 Bxc6 14. Bf3
Kb8 15. f5 Qa5 16. Kb1 Rc8 17. Bh5 Rcf8 18. Bg4 Qe5 19. Bf3 h5 20. Qd4 h4 21.
Be2 Rhg8 22. Rd2 exf5 23. Qxe5 dxe5 24. Rxf5 Bb4 25. Bf3 Rg5 26. Rxf6 Be7 27.
Rh6 f5 28. a3 Rg7 29. Re6 Bf6 {etc.} 0-1

[Event "Revanche"]
[Site "Montreal CAN"]
[Date "1993.10.26"]
[Round "1"]
[White "Desforges, Jean"]
[Black "Lacroix, Serge"]
[Result "1/2-1/2"]
[WhiteElo "2047"]
[BlackElo "1972"]
[PlyCount "111"]
[EventDate "1993.10.26"]
[EventType "tourn"]
[EventRounds "7"]
[EventCountry "CAN"]

1. Nf3 Nf6 2. c4 g6 3. Nc3 d5 4. cxd5 Nxd5 5. g3 Bg7 6. Bg2 O-O 7. O-O c5 8.
Qb3 Nb6 9. d3 Nc6 10. Bf4 e5 11. Bg5 Qc7 12. Ne4 Be6 13. Qc2 c4 14. dxc4 Bxc4
15. b3 Bd5 16. Nf6+ Kh8 17. e4 Be6 18. Rad1 h6 19. Nd5 Nxd5 20. exd5 Bf5 21.
Qc5 hxg5 22. dxc6 bxc6 23. Nxg5 Rac8 24. Qc4 Kg8 25. Rd2 Bh6 26. h4 Kg7 27.
Rdd1 Bxg5 28. hxg5 Qe7 29. Rfe1 Qxg5 30. Rxe5 Qf6 31. Rc5 Rfd8 32. Rxd8 Rxd8
33. Bf3 Qa1+ 34. Qc1 Qxc1+ 35. Rxc1 Rd2 36. a3 Rd3 37. Bd1 Rd6 38. Be2 Be4 39.
f3 Bd5 40. Rc3 f5 41. Kf2 Kf6 42. Ba6 Rd8 43. Bb7 Rb8 44. Bxc6 Rxb3 45. Rxb3
Bxb3 46. Ke3 Ke5 47. f4+ Kf6 48. Kd4 g5 49. Bd5 Ba4 50. Bc4 gxf4 51. gxf4 Bc2
52. Kd5 Kg6 53. Ke5 Kh5 54. Be2+ Kh4 55. Kf6 Be4 56. Bd1 1/2-1/2

[Event "Revanche"]
[Site "Montreal CAN"]
[Date "1993.11.02"]
[Round "2"]
[White "Morin, Louis"]
[Black "Lacroix, Serge"]
[Result "1/2-1/2"]
[WhiteElo "1835"]
[BlackElo "1972"]
[PlyCount "89"]
[EventDate "1993.10.26"]
[EventType "tourn"]
[EventRounds "7"]
[EventCountry "CAN"]

1. e4 c5 2. d4 cxd4 3. c3 dxc3 4. Nxc3 Nc6 5. Nf3 d6 6. Bc4 e6 7. O-O Nf6 8.
Qe2 Be7 9. Rd1 e5 10. Be3 O-O 11. Rac1 Be6 12. b4 Bxc4 13. Qxc4 a6 14. Nd5 Nxd5
15. exd5 Nd4 16. Nxd4 exd4 17. Bxd4 Rc8 18. Qd3 Qd7 19. h3 Bg5 20. Rxc8 Rxc8
21. Be3 Bxe3 22. Qxe3 g6 23. Rc1 Re8 24. Qb6 Re2 25. Qc7 Qf5 26. Qc8+ Qxc8 27.
Rxc8+ Kg7 28. Rd8 Rxa2 29. Rxd6 b5 30. g4 Ra4 31. Kg2 Rxb4 32. Rxa6 Rd4 33. d6
Kf6 34. Rb6 b4 35. d7+ Ke7 36. Rb7 Kd8 37. g5 Rd5 38. h4 Rd4 39. Kg3 Rd3+ 40.
f3 b3 41. Kf4 Rd4+ 42. Kg3 Rd3 43. Kf4 Rd4+ 44. Kg3 b2 45. Rxb2 1/2-1/2